000 00551nam a22001817a 4500
999 _c172363
_d172363
005 20200211174219.0
010 _aENG-127625
020 _a9789384061975
_c199.00
035 _aEN-111157
037 _bDBAD/PUB
082 _a332.024014
100 _aChauhan,Manish
245 _a30-30 Rule to Retiremen /
_bby Manish Chauhan
260 _aMumbai
_bBestsellers18
_c2013
270 _bMumbai
_aB-23,Royal Industrial Estate,5-B, Naigun Cross Road,Wadala
_e400013
300 _a122p.
_b18cm(pbk)
942 _2ddc
_cEN
_h332.024014
_mCHA